000 01332nam a2200301 a 4500
001 C01493497c-7
003 CO-ViMGA
005 20230915225030.0
008 150812s2014 ck o gr 00010 spa d
020 _a9789587531749
040 _aCO-ViMGA
_bspa
_cCO-ViMGA
043 _as-ck---
082 0 4 _a700
_bG15d2
_221
110 2 _aGalería Santafé :
_c(Bogotá)
_91363
245 1 0 _aDespués de lo anterior :
_bprácticas experimentales de interdisciplinariedad /
260 _aBogotá :
_bMinisterio de Cultura :
_bGalería Santafé,
_c2014.
300 _a53 páginas :
_bfotografías ;
_c24 cm.
505 0 0 _aAlberto Baraya -- Gabriela Pinilla -- Alix Camacho -- Nicolás Consuegra -- David Escobar Parra -- Alberto Lezaca -- Carlos Motta -- Edwin Sánchez.
610 2 4 _aGalería Santafé :
_c(Bogotá)
_v Exposiciones
_v Catálogos.
_91364
650 1 4 _aArte colombiano
_v Exposiciones
_v Catálogos.
_91367
650 1 4 _aArte contemporáneo
_v Exposiciones
_v Catálogos.
_91369
650 1 4 _aArte experimental
_v Exposiciones
_v Catálogos.
_91365
650 1 4 _aArte moderno
_v Exposiciones
_v Catálogos.
_91366
650 1 4 _aArtistas plásticos colombianos
_v Catálogos.
_91368
700 1 _aMonsalve, Oscar,
_efotógrafo.
_91371
700 1 _aPonce de León, Carolina,
_d1955-,
_ecuradora.
_91370
942 _2ddc
_cBK
999 _c11273
_d11273